Moderne Staaten des Niederländischen Reiches mit einer Karte - Statistiken

Allgemein
  • Dieses Quiz wurde 74 mal gespielt
  • Das Durchschnittsergebnis liegt bei 11 aus 15
Antworten auf der Karte
Die Antworten werden auf der Karte rot bzw. grün angezeigt, abhängig davon wie oft sie richtig erraten wurden.
 
Antwortstatistiken
Land % Korrekt
Indonesien
95%
Niederlande
90%
Belgien
85%
Brasilien
83%
Guyana
80%
Suriname
80%
Taiwan
77%
Indien
75%
Sri Lanka
75%
Vereinigte Staaten
75%
Südafrika
72%
Luxemburg
70%
Frankreich
67%
Elfenbeinküste
50%
Ghana
50%
Keine übereinstimmenden Quizze gefunden
Verteilung der Resultate
Anzahl Personen mit jedem Resultat
Perzentil nach korrekt beantworteten Fragen
Ihre Resultats-Entwicklung
Sie haben dieses Quiz noch nicht gespielt